Systemtheorie und Organisation /

Gespeichert in:
Bibliographische Detailangaben
1. Verfasser: Fuchs, Herbert (Verfasst von)
Format: Buch
Sprache:Deutsch
Veröffentlicht: Wiesbaden : Betriebswirtschaftlicher Verlag Th.Gabler, 1973
Tags: Tag hinzufügen
Keine Tags, Fügen Sie das erste Tag hinzu!

MARC

LEADER 00000nam a22000003a 4500
001 stu36282
005 20150617225701.9
008 920601s1973----gw------------------ger-d
040 |a STU  |b slo 
041 0 |a ger 
044 |a gw 
100 1 |a Fuchs, Herbert  |4 aut 
245 1 |a Systemtheorie und Organisation /  |c [aut.]Herbert Fuchs 
260 |a Wiesbaden :  |b Betriebswirtschaftlicher Verlag Th.Gabler,  |c 1973 
300 |a 227 s 
996 |b 284M011974  |c M*5982-1  |l MMKN  |s A  |a 24  |w stu36282_0001